000 00256nam a22000857a 4500
008 160912b xxu||||| |||| 00| 0 eng d
100 _9391
_aModi, K., et al
245 _aTogether With Life - A Celebration - 4
260 _aNew Delhi
_bRachna Sagar publication
_c2008
999 _c3049
_d3049